How the World Changed Social Media (Record no. 352873)
[ view plain ]
| 000 -LEADER | |
|---|---|
| fixed length control field | 00506nam a2200133Ia 4500 |
| 008 - FIXED-LENGTH DATA ELEMENTS--GENERAL INFORMATION | |
| fixed length control field | 171212s9999 xx 000 0 und d |
| 020 ## - INTERNATIONAL STANDARD BOOK NUMBER | |
| International Standard Book Number | 9781910634486 |
| 100 ## - MAIN ENTRY--PERSONAL NAME | |
| Personal name | Miller, Daniel;Costa, Elisabetta;Haynes, Nell;McDonald, Tom;Nicolescu, Razvan |
| 245 ## - TITLE STATEMENT | |
| Statement of responsibility, etc | Miller, Daniel;Costa, Elisabetta;Haynes, Nell;McDonald, Tom;Nicolescu, Razvan |
| Title | How the World Changed Social Media |
| 260 ## - PUBLICATION, DISTRIBUTION, ETC. (IMPRINT) | |
| Name of publisher, distributor, etc | UCL Press |
| Date of publication, distribution, etc | 2016 |
| 440 ## - SERIES STATEMENT/ADDED ENTRY--TITLE | |
| Title | Why We Post |
| 650 ## - SUBJECT ADDED ENTRY--TOPICAL TERM | |
| Topical term or geographic name as entry element | Anthropology |
| 856 ## - ELECTRONIC LOCATION AND ACCESS | |
| Uniform Resource Identifier | <a href="http://jstor.org/stable/j.ctt1g69z35">http://jstor.org/stable/j.ctt1g69z35</a> |
| Withdrawn status | Lost status | Damaged status | Home library | Current library | Date acquired | Total Checkouts | Date last seen | Price effective from | Koha item type |
|---|---|---|---|---|---|---|---|---|---|
| College Library | College Library | 12/12/2017 | 12/12/2017 | 12/12/2017 | Curriculum - Based eBooks |